|
|
|
|
| LEADER |
00000naa a2200000 a 4500 |
| 001 |
vtls011848952 |
| 003 |
SK-MaSNL |
| 005 |
20260302133913.0 |
| 008 |
210910|2009 xo |||||||||||||||||slo| |
| 015 |
|
|
|a SNBCL
|
| 035 |
|
|
|a (urnnbn)urn:nbn:sk:snk:ar-a0aqei
|
| 035 |
|
|
|a urn:nbn:sk:snk-aaw4g3
|
| 035 |
|
|
|a (uuid)579e15b2-04d4-463a-be17-6fc495761cb1
|
| 040 |
|
|
|a SNKBUCL
|b slo
|c SNKBUCL
|e AACR2
|
| 041 |
|
|
|a slo
|
| 044 |
|
|
|a xo
|c SK
|
| 100 |
1 |
|
|a Mušák, Ľudovít,
|d 1956-
|4 aut
|9 345462
|
| 245 |
1 |
0 |
|a CHROMOZÓMOVÉ ABERÁCIE A POLYMORFIZMUS GÉNOV BER
|c Ľ. Mušák, V. Poláková, E. Halašová, O. Osina, P. Vodička
|
| 336 |
|
|
|a text
|b txt
|c rdacontent
|
| 337 |
|
|
|a bez média
|b n
|c rdamedia
|
| 338 |
|
|
|a zväzok
|b nc
|c rdacarrier
|
| 655 |
|
7 |
|a články zo zborníkov
|2 snkbucl
|9 166140
|
| 700 |
1 |
|
|a Halašová, Erika,
|d 1963-
|4 aut
|9 196512
|
| 700 |
1 |
|
|a Osina, Oto,
|d 1956-
|4 aut
|9 188991
|
| 700 |
1 |
|
|a Vodička, P.
|4 aut
|9 792678
|
| 700 |
1 |
|
|a Poláková, V.
|4 aut
|9 318722
|
| 773 |
0 |
|
|t Podpora zdravia, prevencia a hygiena v teórii a praxi
|d Martin : Jesseniova lekárska fakulta UK, 2009
|g S. 219-224
|z 9788088866640
|
| 958 |
|
|
|a OND
|
| 958 |
|
|
|a article26
|
| 958 |
|
|
|a chapter
|
| 999 |
|
|
|c 1319084
|d 1321014
|